Statistics for Countries that start with 'I' by picture

Click here to take the quiz!

General Stats

  • This quiz has been taken 21 times
  • The average score is 8 of 9

Answer Stats

Answer% Correct
Italy
100%
Iceland
95%
India
95%
Indonesia
95%
Iran
95%
Iraq
95%
Ireland
90%
Israel
81%
Ivory Coast
81%

Score Distribution

Percentile by Number Answered

Percent of People with Each Score

Your Score History

You have not taken this quiz